000 00517 a2200181 4500
003 OSt
005 20231201102050.0
008 231201b |||||||| |||| 00| 0 eng d
020 _a9788126436132
040 _coclc
082 _a894.8123
_bBAS/P
100 _aBasheer, Vaikom Muhammad
_97034
245 _aPremalekhanam /
_cVaikom Muhammad Basheer
250 _a48th ed.
260 _aKottayam:
_bD C books,
_c2023.
300 _a55p.
942 _2ddc
_cBK
_h894.8123
_iBAS/P
_k894.8123
_mBAS/P
999 _c43911
_d43911